[Event "IsBank TCh-TUR"]
[Site "Konya TUR"]
[Date "2010.06.29"]
[Round "1"]
[White "Mchedlishvili,M"]
[Black "Miroshnichenko,E"]
[Result "1/2-1/2"]
[WhiteElo "2630"]
[BlackElo "2684"]

1.d4 g6 2.e4 Bg7 3.Nc3 d6 4.f4 a6 5.Nf3 b5 6.Bd3 Bb7 7.e5 e6 8.Be4 Bxe4 9.Nxe4 Ne7
10.O-O Nbc6 11.c3 O-O 12.Qe2 Qd7 13.Be3 Nd5 14.Bd2 f5 15.exf6 Nxf6 16.Nxf6+ Bxf6
17.Rfe1 Rfe8 18.Qe4 Rab8 19.Re2 Re7 20.Rae1 Rbe8 21.Be3 Nd8 22.Bf2 Qc6 23.Bh4 Qxe4
24.Rxe4 Bxh4 25.Nxh4 Kf7 26.Nf3 h6 27.g3 Kf6 28.Kg2 Nf7 29.Rf1 Kg7 30.Rfe1 Kf6
31.Rf1 Kg7  1/2-1/2

[Event "HSG Open"]
[Site "Hilversum NED"]
[Date "2010.06.30"]
[Round "5"]
[White "Van de Groep,W"]
[Black "Piasetski,L"]
[Result "0-1"]
[WhiteElo "1970"]
[BlackElo "2301"]

1.e4 g6 2.d4 Bg7 3.Nc3 d6 4.Be3 a6 5.g3 b5 6.Bg2 Bb7 7.a3 Nd7 8.Nf3 Rc8 9.O-O c5
10.d5 Ngf6 11.Nh4 Nb6 12.Rb1 O-O 13.h3 e6 14.dxe6 fxe6 15.Qd3 Nc4 16.Bc1 Ne5
17.Qe2 Qc7 18.f4 Nc6 19.Be3 Ne7 20.Bf2 Rcd8 21.Rbe1 d5 22.e5 Nd7 23.Nf3 h6
24.h4 Qc6 25.Kh2 Rf7 26.Bh3 Rdf8 27.Bg2 Ba8 28.Bg1 Rb8 29.Nd1 b4 30.Ne3 bxa3
31.bxa3 Qa4 32.Bh3 Nf5 33.Nxf5 gxf5 34.Bg2 Rb2 35.Rc1 Bf8 36.h5 Be7 37.Be3 Rg7
38.Bf2 Bc6 39.Rfd1 Bb5 40.Qd2 Ra2 41.Ne1 d4 42.Ra1 Qxa3 43.Rxa2 Qxa2 44.Nf3 Nb6
45.Rc1 Nd5 46.Ne1 Nc3 47.Bf3 Qb2 48.Bg1 a5 49.Ng2 a4 50.Kh3 a3 51.g4 a2 52.Qe1 Qa3
53.gxf5 Ne2 54.Qf2 Rg3+  0-1

[Event "King's Gambit B"]
[Site "Lipetsk RUS"]
[Date "2010.06.30"]
[Round "8"]
[White "Lavretzkij,R"]
[Black "Morev,I"]
[Result "1-0"]
[WhiteElo "2289"]
[BlackElo "2286"]

1.d4 g6 2.e4 d6 3.Nc3 Bg7 4.g3 Nd7 5.Bg2 e5 6.Be3 c6 7.a4 Qe7 8.Nge2 h5 9.h3 f5
10.exf5 gxf5 11.dxe5 Nxe5 12.O-O h4 13.Nf4 hxg3 14.fxg3 Nf6 15.Bf2 Bd7 16.Re1 a5
17.Ng6 Qe6 18.Nxh8 Bxh8 19.Ne2  1-0

[Event "1st Open"]
[Site "Marrakesh MAR"]
[Date "2010.07.01"]
[Round "8"]
[White "Arif,Mouad"]
[Black "Alami,H"]
[Result "*"]
[WhiteElo "1750"]
[BlackElo "2155"]

1.e4 d6 2.d4 g6 3.Nc3 Bg7 4.Nf3 Bg4 5.Be2 Nd7 6.Be3 e5 7.dxe5 dxe5 8.h3 Bxf3
9.Bxf3 Ngf6 10.Qe2 O-O 11.O-O-O c6 12.Rd2 Qa5 13.Rhd1 Nc5 14.Qc4 Ne6 15.Qa4 Qc7
16.g4 h6 17.h4 a5 18.g5 b5 19.Qb3 a4 20.Qb4 hxg5 21.hxg5 Rfd8 22.gxf6 Bf8
23.Nxb5 Bxb4 24.Nxc7 Bxd2+ 25.Bxd2 Nxc7 26.Rh1 Rd6 27.Bg4 Rxf6 28.Bg5 Rxf2
29.Bh4 Rf4 30.Bg5 a3 31.Bf5 Ne8 32.Bxf4 exf4 33.Bd7 axb2+ 34.Kxb2 c5 35.Bc6 Rb8+
36.Kc3 Nd6 37.Bd5 Rb4 38.Kd3 Kg7 39.c3 Rb2 40.a4 f6 41.a5 c4+ 42.Kd4 Ra2
43.Kc5 Nxe4+ 44.Bxe4 Rxa5+ 45.Kxc4 f5 46.Bb7 Ra7 47.Bd5 g5 48.Rg1 Kf6 49.Kd4 g4
50.Rf1 Kg5 51.Ke5 Re7+ 52.Be6 f3 53.Kd6 Rxe6+ 54.Kxe6 Kf4 55.c4  *

[Event "IsBank TCh-TUR"]
[Site "Konya TUR"]
[Date "2010.07.02"]
[Round "6"]
[White "Karakehajov,K"]
[Black "Miroshnichenko,E"]
[Result "0-1"]
[WhiteElo "2505"]
[BlackElo "2684"]

1.d4 g6 2.e4 Bg7 3.Nc3 d6 4.Be3 a6 5.a4 b6 6.Nge2 Bb7 7.f3 Nd7 8.Qd2 e6 9.h4 h5
10.g3 Ne7 11.Rd1 c5 12.f4 Nf6 13.Bg2 Ng4 14.dxc5 dxc5 15.Bg1 O-O 16.a5 Nf5
17.axb6 Qxb6 18.Na4 Qc7 19.Nxc5 Rad8 20.Nd7 Nd4 21.Bxd4 Rxd7 22.c3 e5 23.fxe5 Bxe5
24.O-O Re8 25.Qd3 Bc6 26.Rfe1 Ba4 27.Rd2 Bb5 28.Qf3 Bxe2 29.Rexe2 Bxd4+ 30.cxd4 Qb6
31.Qc3 Red8 32.Bf3 Rc7 33.Qd3 Ne5 34.Qe3 Nc4 35.Qg5 Nxd2 36.Qxd8+ Kg7 37.Kg2 Nxf3
38.d5 Ne5 39.d6 Rb7 40.Qc8 Rd7 41.Qd8 Rb7 42.Qc8 Rd7  0-1

[Event "5th Open"]
[Site "Wroclaw POL"]
[Date "2010.07.02"]
[Round "9"]
[White "Stoma,P"]
[Black "Piorun,K"]
[Result "1-0"]
[WhiteElo "2309"]
[BlackElo "2499"]

1.e4 g6 2.d4 Bg7 3.Nc3 d6 4.Be3 a6 5.Qd2 Nd7 6.O-O-O b5 7.Kb1 Bb7 8.f3 c6
9.h4 h6 10.h5 g5 11.f4 gxf4 12.Bxf4 Qc7 13.Nf3 O-O-O 14.e5 dxe5 15.dxe5 Nc5
16.Qf2 Ne6 17.Bh2 b4 18.Rxd8+ Qxd8 19.Ne2 Nc7 20.Nfd4 c5 21.Nf5 e6 22.Nd6+ Kb8
23.Qxc5 Bf8 24.Qb6  1-0

[Event "9th Open"]
[Site "La Fere FRA"]
[Date "2010.07.03"]
[Round "1"]
[White "Dal Borgo,A"]
[Black "Vandervorst,M"]
[Result "1-0"]
[WhiteElo "2204"]
[BlackElo "1865"]

1.d4 g6 2.e4 Bg7 3.Nc3 d6 4.Nf3 Bg4 5.Be2 Nf6 6.Be3 O-O 7.O-O c6 8.Qd2 b5
9.a3 a5 10.h3 Bd7 11.e5 Ne8 12.Bh6 Na6 13.Ne4 f5 14.Ng3 Nac7 15.c4 Be6 16.cxb5 cxb5
17.Qf4 Bd5 18.Bxg7 Kxg7 19.Rfd1 Ne6 20.Qd2 Rc8 21.Rac1 Rxc1 22.Qxc1 Qb6 23.Qd2 N8c7
24.exd6 exd6 25.Nf1 Bb3 26.Rc1 Bd5 27.Ne3 Bxf3 28.Bxf3 Qxd4 29.Rxc7+  1-0

[Event "9th Open"]
[Site "La Fere FRA"]
[Date "2010.07.03"]
[Round "1"]
[White "Lucas,B"]
[Black "Biyidi,T"]
[Result "0-1"]
[WhiteElo "1674"]
[BlackElo "1789"]

1.e4 g6 2.d4 Bg7 3.Nc3 d6 4.Bd3 Nc6 5.Nf3 Nf6 6.O-O O-O 7.Re1 e5 8.d5 Ne7
9.Bg5 Ne8 10.Qd2 f6 11.Bh6 Bg4 12.Bxg7 Kxg7  0-1

[Event "ch-SWE Mastarklassen"]
[Site "Lund SWE"]
[Date "2010.07.03"]
[Round "1"]
[White "Eriksson,Mat"]
[Black "Reid,G"]
[Result "0-1"]
[WhiteElo "2187"]
[BlackElo "2121"]

1.e4 g6 2.d4 d6 3.Nc3 Bg7 4.Nf3 Nc6 5.Be2 Bg4 6.Be3 Bxf3 7.Bxf3 e5 8.dxe5 Nxe5
9.Be2 Nf6 10.f4 Nc6 11.Bf3 O-O 12.O-O Re8 13.Qd3 Nd7 14.Rae1 Nb6 15.a3 Qd7
16.Nd5 Nxd5 17.exd5 Ne7 18.Bd4 Bxd4+ 19.Qxd4 Nf5 20.Qf6 Qb5 21.Be4 Qb6+ 22.Rf2 Ne3
23.h3 Rxe4 24.f5 Nxd5  0-1

[Event "Sparkassen Open"]
[Site "Nettetal GER"]
[Date "2010.07.03"]
[Round "1"]
[White "Herbold,M"]
[Black "Backes,J"]
[Result "1-0"]
[WhiteElo "2172"]
[BlackElo "1749"]

1.e4 g6 2.d4 Bg7 3.Nc3 d6 4.Nf3 Nf6 5.h3 O-O 6.Be3 Nbd7 7.e5 dxe5 8.dxe5 Ne8
9.Bc4 c6 10.e6 fxe6 11.Ng5 Bxc3+ 12.bxc3 Ng7 13.Bxe6+ Nxe6 14.Nxe6 Qa5 15.Nxf8 Qxc3+
16.Kf1 Nxf8 17.Bd4 Qc4+ 18.Kg1 Bf5 19.Bb2 Ne6 20.Qe1 Be4 21.Qe3 Qxc2 22.Re1 Bd5
23.Qe5 Kf7 24.g4 Bxa2 25.Bc3 Rd8 26.Rh2 Bd5 27.f4 Qd3 28.Re3 Qd1+ 29.Re1 Qf3
30.Re3 Qd1+ 31.Re1 Qf3 32.Re3 Qd1+ 33.Kf2 Bc4 34.f5 Qf1+ 35.Kg3 Qg1+ 36.Rg2 Qxe3+
37.Qxe3 Rd3 38.fxe6+ Ke8 39.Qxd3 Bxd3 40.Kf4  1-0

[Event "MGU-9 Open"]
[Site "Sofia BUL"]
[Date "2010.07.03"]
[Round "2"]
[White "Petrov,Martin"]
[Black "Karastoyanov,Mihail"]
[Result "1-0"]
[WhiteElo "1958"]
[BlackElo "2049"]

1.e4 d6 2.d4 g6 3.Nc3 Bg7 4.Nf3 Nf6 5.Bc4 O-O 6.O-O c6 7.Bf4 b5 8.Bb3 b4
9.Na4 Nxe4 10.Qe1 d5 11.Qxb4 Na6 12.Qe1 Nc7 13.Qe3 Nd6 14.Ne5 Nf5 15.Qd2 Bb7
16.Nc5 Qc8 17.c3 Ne6 18.Nxe6 Qxe6 19.Rfe1 Qc8 20.Bc2 Nd6 21.b3 Re8 22.Re3 c5
23.Rae1 cxd4 24.cxd4 Nf5 25.Rc3 Qe6 26.Rc7 Qb6 27.Nd7 Qa6 28.Bd3 Qa3 29.Bxf5  1-0

[Event "ch-NOR"]
[Site "Fredrikstad NOR"]
[Date "2010.07.05"]
[Round "3"]
[White "Getz,N"]
[Black "Lie,Es"]
[Result "0-1"]
[WhiteElo "2239"]
[BlackElo "2464"]

1.e4 d6 2.d4 g6 3.Nc3 Bg7 4.f4 Nf6 5.Bd3 O-O 6.Nf3 Na6 7.O-O c5 8.d5 Nc7
9.a4 e6 10.dxe6 fxe6 11.e5 Nfd5 12.Ne4 Ne8 13.Bc4 Nb6 14.Be2 Bd7 15.exd6 Rf5
16.Qe1 Bc6 17.Ng3 Rf8 18.Ne5 Qxd6 19.Nxc6 Qxc6 20.Bg4 Nc7 21.Bf3 Qd7 22.Bxb7 Rab8
23.Qe4 Nbd5 24.Bxd5 exd5 25.Qe1 h5 26.Ra3 Rfe8 27.Qd1 h4 28.Ne2 Qg4 29.Nc3 Qxd1
30.Nxd1 Re2 31.Be3 Rxc2 32.Bf2 Bxb2 33.Ra2 c4 34.Bxa7 Bd4+ 35.Bxd4 Rxa2 36.Be5 Rc8
37.Nc3 Ra3 38.Rb1 Ne6 39.Nxd5 Rd8 40.Nf6+ Kf8 41.Nh7+ Ke7 42.Bf6+ Kd7 43.Bxd8 Kxd8
44.Rb8+ Kc7 45.Rb4 Rc3 46.g3 hxg3 47.hxg3 Rxg3+ 48.Kf2 Rc3 49.Ke1 Kc6 50.Nf6 Nxf4
51.Kd2 Rd3+ 52.Kc2 Kc5 53.Rb5+ Kd4 54.a5 Rg3 55.Rb8 Rg2+ 56.Kb1 c3 57.Rd8+ Kc4
58.Rc8+ Kb3 59.Rb8+ Ka3 60.Rc8 Rb2+ 61.Ka1 Ne2  0-1

[Event "ch-SWE Mastarklassen"]
[Site "Lund SWE"]
[Date "2010.07.05"]
[Round "3"]
[White "Neretljak,N"]
[Black "Laksman,E"]
[Result "0-1"]
[WhiteElo "1920"]
[BlackElo "2176"]

1.e4 g6 2.d4 Bg7 3.Nc3 d6 4.Be3 a6 5.a4 b6 6.Qd2 Nd7 7.Bc4 h6 8.h4 Ngf6 9.f3 c5
10.Nge2 Qc7 11.d5 Ne5 12.Ba2 Bd7 13.Bf4 Nh5 14.Bxe5 Bxe5 15.f4 Bg7 16.Bc4 O-O
17.f5 gxf5 18.O-O fxe4 19.Nxe4 b5 20.Ba2 Bg4 21.N4g3 Nxg3 22.Nxg3 c4 23.c3 Qc5+
24.Kh1 e6 25.Qf4 f5 26.dxe6 Qe5 27.e7 Qxe7 28.Nxf5 Bxf5 29.axb5 Be6 30.Qg3 axb5
31.Rxf8+ Qxf8 32.Re1 Bf5 33.Bb1 Bxb1 34.Rxb1 Kh8 35.Kg1 Be5 36.Qg6 Qg7 37.Qe4 Re8  0-1

[Event "ch-SWE Mastarklassen"]
[Site "Lund SWE"]
[Date "2010.07.05"]
[Round "3"]
[White "Wallgren,U"]
[Black "Reid,G"]
[Result "1-0"]
[WhiteElo "2063"]
[BlackElo "2121"]

1.e4 g6 2.d4 d6 3.Nc3 Bg7 4.Be3 Nc6 5.Nf3 Bg4 6.Bb5 a6 7.Bxc6+ bxc6 8.O-O Nf6
9.h3 Bxf3 10.Qxf3 Nd7 11.Qe2 O-O 12.f4 e6 13.Qc4 Qb8 14.Rab1 Qb6 15.Rfe1 d5
16.Qd3 a5 17.b3 Rfd8 18.e5 Bf8 19.Na4 Qb5 20.c4 Qa6 21.Qc2 Bb4 22.Rec1 Ba3
23.Rd1 Nb6 24.Nxb6 cxb6 25.Bc1 Bf8 26.Bb2 c5 27.Kh2 cxd4 28.cxd5 Rxd5 29.Rxd4 Rad8
30.Rbd1 Rxd4 31.Rxd4 Rxd4 32.Bxd4 Qf1 33.Qf2 Qxf2 34.Bxf2 b5 35.Kg3 a4 36.bxa4 bxa4
37.Kf3 h6 38.Ke4 Be7 39.Kd3 g5 40.fxg5 hxg5 41.Kc4 Kg7 42.Bc5 Bxc5 43.Kxc5 Kg6
44.Kb4 Kf5 45.Kxa4 Kxe5 46.Kb3 Kd4 47.a4 e5 48.a5 Kc5 49.a6 Kb6 50.Kc4 f5
51.Kd5 e4 52.Kd4 Kxa6 53.g4 f4 54.Kxe4 Kb6 55.h4 Kc6 56.h5  1-0

[Event "ch-Paris Int"]
[Site "Paris FRA"]
[Date "2010.07.05"]
[Round "3"]
[White "Adhiban,B"]
[Black "Solodovnichenko,Y"]
[Result "1-0"]
[WhiteElo "2483"]
[BlackElo "2558"]

1.e4 g6 2.d4 Bg7 3.Nc3 d6 4.Be3 a6 5.Qd2 Nd7 6.h4 h5 7.Nh3 b5 8.a4 b4 9.Nd5 a5
10.Ng5 e6 11.Nf4 Qe7 12.Bb5 Bb7 13.d5 Bxb2 14.dxe6 Bxa1 15.Bxd7+ Kf8 16.Nxf7 Qf6
17.Nxh8 Ne7 18.Nhxg6+ Nxg6 19.Nd5 Qe5 20.O-O Qxe4 21.Rxa1 Qxd5 22.Bh6+ Kg8
23.Qxd5 Bxd5 24.Re1 Ne5 25.Bg5 b3 26.cxb3 Bxb3 27.f4 Nd3 28.Re3 Nc5 29.Bc6  1-0

[Event "IsBank TCh-TUR"]
[Site "Konya TUR"]
[Date "2010.07.06"]
[Round "10"]
[White "Gajewski,G"]
[Black "Miroshnichenko,E"]
[Result "1/2-1/2"]
[WhiteElo "2572"]
[BlackElo "2684"]

1.d4 g6 2.e4 Bg7 3.Nc3 d6 4.f4 Nf6 5.Nf3 O-O 6.Bd3 Bg4 7.e5 dxe5 8.dxe5 Nd5
9.Bxg6 hxg6 10.Nxd5 e6 11.Ne3 Qxd1+ 12.Kxd1 Bxf3+ 13.gxf3 Nc6 14.c3 f6 15.exf6 Rxf6
16.Ng2 Kf7 17.Be3 Rh8 18.Ke2 Rf5 19.Rad1 Ke8 20.Bf2 Ra5 21.a3 Ne7 22.Rd2 Rd5
23.Rxd5 exd5 24.Ne3 Bh6 25.Bh4 Bxf4 26.Bxe7 Bxe3 27.Bf6 Rf8 28.Bg7 Rf7 29.Kxe3 Rxg7
30.Kd4 Rf7 31.Re1+  1/2-1/2

[Event "9th Open"]
[Site "La Fere FRA"]
[Date "2010.07.09"]
[Round "8"]
[White "Waquet,F"]
[Black "Matschek,N"]
[Result "1-0"]
[WhiteElo "1976"]
[BlackElo "1683"]

1.e4 d6 2.d4 g6 3.Nc3 Bg7 4.Be3 e5 5.Nge2 f5 6.dxe5 dxe5 7.Qxd8+ Kxd8 8.O-O-O+ Nd7
9.f4 c6 10.exf5 gxf5 11.fxe5 Kc7 12.e6 Ne5 13.Nd4 Ng4 14.Bf4+ Be5 15.Bxe5+ Nxe5
16.Re1 Kd6 17.Nxf5+ Kxe6 18.Ng3 Kd6 19.Nce4+ Kc7 20.Ng5 h6 21.Rxe5 hxg5 22.Rxg5 Nf6
23.Bd3 Ng4 24.h3 Nf2 25.Rf1 Rf8 26.Kd2 Bd7 27.Re1 Nxd3 28.Kxd3 Kb6 29.c4 c5
30.Ne4 Bf5 31.Rg3 Rad8+ 32.Kc3 Bxe4 33.Rxe4 Rf2 34.Re1 Rdd2 35.Rb1 Rxg2 36.Rxg2 Rxg2
37.Rd1 Rh2 38.Rd3 Kc6 39.Rf3 a6 40.Rf6+ Kc7 41.Rf3 b5 42.cxb5 axb5 43.a3 Kc6
44.Rf6+ Kd5 45.Rh6 c4 46.b3 Ra2 47.bxc4+ bxc4 48.Rh5+ Ke4 49.Ra5 Rh2 50.Kxc4 Rxh3
51.a4 Ra3 52.Ra8 Ke5 53.Kb4 Ra1 54.Rd8 Rb1+ 55.Kc5 Rc1+ 56.Kb6 Rb1+ 57.Ka6 Ra1
58.a5 Rb1 59.Ka7 Ke6 60.a6 Ke7 61.Rb8 Ra1 62.Rb6 Rc1 63.Kb7 Kd7 64.a7 Rc7+
65.Ka6 Rc8 66.Rb8 Rc1 67.a8=Q  1-0

[Event "ch-SWE Mastarklassen"]
[Site "Lund SWE"]
[Date "2010.07.09"]
[Round "7"]
[White "Azizi,H"]
[Black "Reid,G"]
[Result "0-1"]
[WhiteElo "2148"]
[BlackElo "2121"]

1.d4 g6 2.e4 d6 3.Nc3 Bg7 4.Be3 Nc6 5.Qd2 e5 6.Nge2 exd4 7.Nxd4 Nf6 8.f3 O-O
9.O-O-O d5 10.Nb3 dxe4 11.Qxd8 Nxd8 12.Nxe4 Nxe4 13.fxe4 b6 14.Bd3 Bb7 15.Rde1 Nc6
16.Bf4 Ne5 17.Rhf1 a5 18.Bxe5 Bxe5 19.g3 Bc8 20.Nd2 Bh3 21.Rh1 Bd4 22.Bf1 Be6
23.a3 Rad8 24.Nf3 Bg7 25.Kb1 b5 26.Be2 b4 27.axb4 axb4 28.Ng5 Bd7 29.Bc4 h6
30.Nf3 Bc6 31.Rhf1 Kh7 32.Nh4 Rd7 33.e5 Re7 34.Re3 g5 35.Bd3+ Kh8 36.Nf5 Rxe5
37.Rxe5 Bxe5 38.Nxh6 f6 39.Ng4 Bd4 40.Bf5 Re8 41.Rd1 Be5 42.Re1 Kg7 43.Re3 Bd4
44.Rxe8 Bxe8 45.h3 Bg6 46.Bxg6 Kxg6 47.Ka2 f5 48.Nh2 Be5 49.Nf1 Kh5 50.Kb3 f4
51.gxf4 Bxf4  0-1

[Event "38th TCh-GRE DivA"]
[Site "Peristeri GRE"]
[Date "2010.07.09"]
[Round "5"]
[White "Iordanidou,Z"]
[Black "Malikentzou,N"]
[Result "1-0"]
[WhiteElo "2107"]
[BlackElo "1610"]

1.e4 g6 2.d4 Bg7 3.Nc3 d6 4.Be3 a6 5.Nf3 b5 6.Bd3 Nd7 7.O-O Bb7 8.a4 b4 9.Ne2 Ngf6
10.d5 Ng4 11.Bd4 Nge5 12.Nxe5 Bxe5 13.f4 Bxd4+ 14.Nxd4 a5 15.Qd2 O-O 16.Rf3 c5
17.dxc6 Bxc6 18.Nxc6 Qb6+ 19.Kh1 Qxc6 20.Bb5 Qc7 21.Bxd7 Qxd7 22.f5 Kg7 23.Rh3 Rh8
24.Qh6+ Kg8 25.Rf1 Qxa4 26.fxg6 fxg6 27.Rhf3  1-0

[Event "3rd Open"]
[Site "Paracin SRB"]
[Date "2010.07.10"]
[Round "2"]
[White "Jerez Perez,A"]
[Black "Djosic,S"]
[Result "1-0"]
[WhiteElo "2415"]
[BlackElo "2264"]

1.e4 d6 2.Nc3 g6 3.d4 Bg7 4.Bg5 a6 5.Bc4 Nc6 6.Nge2 Na5 7.Bb3 Nxb3 8.axb3 Nf6
9.e5 Nd7 10.exd6 cxd6 11.O-O h6 12.Be3 O-O 13.Qd2 Kh7 14.d5 Nf6 15.Bd4 Bd7
16.Rfe1 Qc7 17.Ng3 Rae8 18.Re2 e5 19.dxe6 fxe6 20.Nge4 Nxe4 21.Rxe4 Bc6 22.Bxg7 Qxg7
23.Re2 d5 24.Rd1 d4 25.Ne4 Bb5 26.Nd6 Bxe2 27.Nxe8 Rxe8 28.Qxe2 e5 29.Qd3 Rc8
30.h3 h5 31.Qe4 Rc5 32.g4 hxg4 33.hxg4 Qc7 34.f4 d3 35.Qxd3 exf4  1-0

[Event "38th TCh-GRE DivA"]
[Site "Peristeri GRE"]
[Date "2010.07.10"]
[Round "6"]
[White "Schut,L"]
[Black "Malikentzou,N"]
[Result "1-0"]
[WhiteElo "2286"]
[BlackElo "1610"]

1.e4 g6 2.d4 Bg7 3.Nc3 d6 4.Be3 a6 5.h4 h5 6.Nh3 b5 7.Ng5 Nh6 8.f3 Nd7 9.Qd2 Bb7
10.O-O-O c5 11.dxc5 Nxc5 12.Nxb5 axb5 13.Bxc5 Rxa2 14.Bxb5+ Kf8 15.c3 Qa5
16.Bxd6 Bf6 17.e5 Qxb5 18.exf6 Ra1+ 19.Kc2 Qa4+ 20.Kd3 Qb5+ 21.Kc2 Qa4+ 22.Kd3 Qb5+
23.c4 Qb3+ 24.Ke2 Qxc4+ 25.Kf2 Rxd1 26.Bxe7+ Kg8 27.Rxd1 Qxh4+ 28.Kg1  1-0

[Event "ch-SWE Veterans"]
[Site "Lund SWE"]
[Date "2010.07.11"]
[Round "9"]
[White "Persson,B"]
[Black "Hesselborn,PO"]
[Result "0-1"]
[WhiteElo "1969"]
[BlackElo "2309"]

1.e4 g6 2.d4 Bg7 3.Nc3 d6 4.Nf3 Nf6 5.Be2 O-O 6.O-O Nc6 7.h3 e5 8.dxe5 dxe5
9.Qxd8 Rxd8 10.Bg5 Be6 11.a3 h6 12.Be3 Nd4 13.Bxd4 exd4 14.Nb5 Ne8 15.a4 a6
16.Na3 d3 17.Bxd3 Bxb2  0-1

[Event "7th South Wales Int"]
[Site "Treforest WLS"]
[Date "2010.07.11"]
[Round "3"]
[White "Zhou,Yang-Fan"]
[Black "Rudd,J"]
[Result "0-1"]
[WhiteElo "2348"]
[BlackElo "2236"]

1.e4 d6 2.d4 g6 3.Nc3 Bg7 4.Be3 Nd7 5.Qd2 e6 6.h4 h5 7.Nh3 Ne7 8.Ng5 a6 9.f3 d5
10.O-O-O b5 11.exd5 exd5 12.Bf4 Nb6 13.Re1 O-O 14.g4 Nc4 15.Bxc4 dxc4 16.gxh5 gxh5
17.Rxe7 Qxe7 18.Rg1 Bf5 19.Nge4 Rad8 20.Bg5 f6 21.Bh6 Rf7 22.Qf4 Bxe4 23.Nxe4 Rxd4
24.Qf5 Qe5 25.Qg6 f5 26.c3 Rd3 27.Qxh5 b4 28.Kb1 bxc3 29.Nxc3 c6 30.Bxg7 Rxg7
31.Rxg7+ Kxg7 32.Qg5+ Kf7 33.a3 Qf6 34.Qf4 Rd4 35.Qc7+ Kg6 36.Qg3+ Kh5 37.Qg8 Rxh4
38.Ne2 Kh6 39.f4 c3  0-1

[Event "5th Nana Aleksandria Cup"]
[Site "Poti GEO"]
[Date "2010.07.12"]
[Round "2"]
[White "Modebadze,Tariel"]
[Black "Khelaia,G"]
[Result "0-1"]
[WhiteElo "1915"]
[BlackElo "2115"]

1.e4 g6 2.d4 Bg7 3.Nc3 d6 4.f4 Nc6 5.Be3 Nf6 6.Be2 O-O 7.e5 dxe5 8.dxe5 Qxd1+
9.Rxd1 Ng4 10.Bc5 b6 11.Bf3 bxc5 12.Bxc6 Rb8 13.Na4 Ne3 14.Rc1 Bf5 15.c3 Rfd8
16.Ne2 Nc4 17.b3 Na5 18.Bf3 c4 19.b4 Nb7 20.g4 Bd7 21.Nb2 g5 22.Kf2 gxf4
23.Nxf4 c5 24.Rhe1 a5 25.a3 axb4 26.axb4 Bh6 27.g5 Bxg5  0-1

[Event "Open A"]
[Site "Oberwart AUT"]
[Date "2010.07.13"]
[Round "1"]
[White "Froewis,G"]
[Black "Tescaro,S"]
[Result "1-0"]
[WhiteElo "2279"]
[BlackElo "1982"]

1.e4 d6 2.d4 g6 3.Nc3 Bg7 4.f4 e5 5.dxe5 dxe5 6.Qxd8+ Kxd8 7.Bc4 Be6 8.Bxe6 fxe6
9.fxe5 h6 10.Bf4 Ne7 11.O-O-O+ Kc8 12.Nf3 Nbc6 13.h4 b6 14.Nb5 Rf8 15.Bg3 a6
16.Nbd4 Nd8 17.Rd3 c5 18.Ne2 Nec6 19.Rd6 Re8 20.Rhd1 Ra7 21.Nf4 Bf8 22.R6d2 Rg7
23.h5 g5 24.Ng6 Ne7 25.Rxd8+ Rxd8 26.Rxd8+ Kxd8 27.Nxf8 Kc8 28.b4  1-0

[Event "29th Jacques Lemans Open"]
[Site "St Veit SUI"]
[Date "2010.07.13"]
[Round "4"]
[White "Wertjanz,Dav"]
[Black "Franz,K"]
[Result "1-0"]
[WhiteElo "2175"]
[BlackElo "2222"]

1.e4 g6 2.d4 Bg7 3.Nc3 d6 4.Be3 Nc6 5.Qd2 e5 6.Nge2 Nf6 7.O-O-O Ng4 8.dxe5 Nxe3
9.Qxe3 Nxe5 10.f4 Bh6 11.Kb1 O-O 12.h3 Be6 13.g4 Nc4 14.Qg3 c5 15.Nc1 Qb6
16.Bxc4 Bxc4 17.h4 Bg7 18.h5 Rfd8 19.hxg6 hxg6 20.g5 Be6 21.Rdf1 Qc6 22.Rh4 Bc4
23.Rfh1 Kf8 24.f5 Be5 25.Qh3 Ke8 26.fxg6 fxg6 27.Rh7 Qc8 28.Qf3 Bg8 29.R7h6 Qe6
30.Nd5 Kd7 31.Qb3 Kc8 32.Rh7 Rd7 33.Rxd7 Qxd7 34.Ne7+ Qxe7 35.Qxg8+ Qd8 36.Qxg6 Kc7
37.Rh7+ Kb6 38.Qf7 Rb8 39.a4 a6 40.g6 Qf6 41.Qc7+ Ka7 42.Nb3 Qxg6 43.Na5 Qg1+
44.Ka2 Qg8+ 45.b3 Ka8 46.Nc6 Qc8 47.Qxb8+ Qxb8 48.Nxb8 Kxb8 49.c4 a5 50.Kb1 Ka7
51.Kc2 Kb6 52.Kd3 Kc6 53.Ke2 Bd4 54.Kf3 Bc3 55.Kf4 Be5+ 56.Kf5 Bg3 57.Ke6 Bf4
58.Rh8 Kc7 59.Kd5 Bg3 60.Rh7+ Kb6 61.Rd7  1-0

[Event "XII Open"]
[Site "Sant Marti ESP"]
[Date "2010.07.14"]
[Round "2"]
[White "Asis Gargatagli,H"]
[Black "Fabregas Fontanet,A"]
[Result "1-0"]
[WhiteElo "2406"]
[BlackElo "2026"]

1.e4 g6 2.d4 Bg7 3.Nc3 d6 4.f4 c6 5.Nf3 Bg4 6.Be3 Qb6 7.Qd2 Bxf3 8.gxf3 Nd7
9.O-O-O Ngf6 10.Rg1 O-O-O 11.f5 Qa5 12.Kb1 c5 13.Qf2 Kb8 14.Bc4 Rhf8 15.dxc5 Rc8
16.Bb3 Nxc5 17.Bd4 Nxb3 18.cxb3 Bh8 19.Rge1 gxf5 20.e5 Nd7 21.exd6 e5 22.Be3 f4
23.Bc1 Rc6 24.Qh4 Qd8 25.Qxh7 f5 26.Qe7 Qc8 27.Nd5 Re8 28.Qf7 Rf8 29.Qe6 Qd8
30.Ne7 Ra6 31.Qc4 Qa5 32.b4 Qb6 33.Rd5 e4 34.Rxf5 Bf6 35.Rxe4 Qd8 36.Qxa6  1-0

[Event "I Open"]
[Site "Girona ESP"]
[Date "2010.07.15"]
[Round "3"]
[White "Las Heras Aixandri,Guillem"]
[Black "Boada Marti,D"]
[Result "0-1"]
[WhiteElo "1429"]
[BlackElo "1707"]

1.e4 d6 2.d4 g6 3.Nc3 Bg7 4.Nf3 c6 5.Be3 Nf6 6.Bc4 b5 7.Bb3 b4 8.e5 Ng4 9.Ne4 dxe5
10.dxe5 Qa5 11.Bc5 Bf5 12.Nfd2 Nxe5 13.f4 Ned7 14.Be3 Bxb2 15.Nd6+ exd6 16.Nc4 Bc3+
17.Kf2 Qc7 18.Qe2 O-O 19.g4 Be4 20.Rad1 Bxh1 21.Rxh1 Na6 22.Nxd6 Qxd6 23.Qxa6 Nc5
24.Bxc5 Qxc5+ 25.Kg3 Qe3+ 26.Kg2 Qe4+ 27.Kg1 Bd4+  0-1

[Event "Corporation Centre Cup"]
[Site "Izhevsk RUS"]
[Date "2010.07.15"]
[Round "1"]
[White "Tsvetkov,Pavel"]
[Black "Karpov,Va"]
[Result "0-1"]
[WhiteElo "2054"]
[BlackElo "2383"]

1.e4 g6 2.d4 Bg7 3.Nc3 d6 4.Bg5 c6 5.Qd2 Qa5 6.Nf3 Bg4 7.O-O-O Bxf3 8.gxf3 Bxd4
9.Qxd4 Qxg5+ 10.Kb1 Nf6 11.h4 Qe5 12.Qe3 Nh5 13.Bh3 Na6 14.Ne2 Qc5 15.Qb3 b5
16.Bg4 Nf6 17.h5 gxh5 18.Bf5 Nc7 19.Nf4 a5 20.Nxh5 Nxh5 21.Rxh5 e6 22.Bg4 d5
23.exd5 Nxd5 24.f4 a4 25.Qh3 O-O-O 26.Rxh7 Rxh7 27.Qxh7 f5 28.Bf3 Qxf2 29.Bxd5 Rxd5
30.Qg8+ Kc7 31.Rh1 Qxf4 32.Qxe6 Qd6 33.Rh7+ Kb6 34.Qe3+ Qc5 35.Qe1 Qd4 36.Rh1 f4
37.a3 Re5 38.Qh4 Re2 39.Rf1 Re4 40.Qg4 Qe5 41.Qd1 Rd4 42.Qg4 b4 43.Qg1 Ka6
44.Re1 Re4 45.Qf1+ Kb7 46.Rxe4 Qxe4 47.axb4 Qxb4 48.Qf3 Qe1+ 49.Ka2 Qe3 50.Qh5 f3
51.Qf7+ Kb6 52.c4 f2 53.c5+ Qxc5 54.Qf4 Qd5+ 55.Ka1 Qd1+ 56.Ka2 f1=Q 57.Qb8+ Kc5
58.Qa7+ Kc4 59.Qa6+ Kd5  0-1

[Event "Open A"]
[Site "Oberwart AUT"]
[Date "2010.07.15"]
[Round "3"]
[White "Papp,C"]
[Black "Seifert,Mi"]
[Result "0-1"]
[WhiteElo "2010"]
[BlackElo "2172"]

1.e4 g6 2.d4 Bg7 3.Nc3 d6 4.f4 Nc6 5.Nf3 Nf6 6.Be3 O-O 7.Qd2 Ng4 8.Bg1 e5
9.d5 Nb8 10.h3 Nf6 11.O-O-O exf4 12.Qxf4 Nh5 13.Qd2 Ng3 14.Rh2 Nd7 15.Bd3 Ne5
16.Bf2 Nh5 17.Ne2 c5 18.c3 Qa5 19.Kb1 f5 20.Ng3 Nxg3 21.Bxg3 Nxd3 22.Qxd3 fxe4
23.Qe3 exf3 24.Bxd6 Bf5+ 25.Ka1 Rfe8 26.Qxc5 Qxc5 27.Bxc5 Be5 28.Rhh1 fxg2
29.Rhe1 Bh2 30.a4 Bc2 31.Rxe8+ Rxe8 32.Rd2 Bb3  0-1

[Event "2nd Open"]
[Site "Rethymno GRE"]
[Date "2010.07.15"]
[Round "4"]
[White "Hristodoulou,P"]
[Black "Batsiashvili,N"]
[Result "1-0"]
[WhiteElo "2149"]
[BlackElo "2383"]

1.e4 d6 2.d4 g6 3.Nc3 Bg7 4.Be3 a6 5.Qd2 b5 6.Bd3 Bb7 7.f3 Nd7 8.a4 b4 9.Nd1 c5
10.c3 Rc8 11.Ne2 c4 12.Bb1 b3 13.Nf2 e6 14.O-O Qa5 15.f4 Ne7 16.f5 exf5 17.Ng3 fxe4
18.Nfxe4 Rc6 19.Bf4 Nc8 20.Bh6 Bxh6 21.Qxh6 d5 22.Ng5 Rf8 23.Nxh7 Rg8 24.Ng5 Nf6
25.Nxf7 Kxf7 26.Qh7+ Ke6 27.Rxf6+ Kxf6 28.Qxg8 Kg5 29.Bxg6 Ne7 30.h4+ Kf4
31.Qf7+ Kxg3 32.Qf3+ Kxh4 33.Qh5+ Kg3 34.Qh3+ Kf4 35.Rf1+ Kg5 36.Qh5+  1-0

[Event "29th Jacques Lemans Open"]
[Site "St Veit SUI"]
[Date "2010.07.15"]
[Round "6"]
[White "Valent,P"]
[Black "Franz,K"]
[Result "0-1"]
[WhiteElo "2009"]
[BlackElo "2222"]

1.e4 g6 2.d4 Bg7 3.Nc3 d6 4.Be3 Nc6 5.Qd2 e5 6.dxe5 dxe5 7.Qxd8+ Nxd8 8.Nb5 Ne6
9.Bc4 Bd7 10.O-O-O Nf6 11.f3 O-O 12.g4 a6 13.Nc3 Nd4 14.Nce2 c5 15.c3 b5
16.Bb3 Nxb3+ 17.axb3 Be6 18.Kc2 Rfd8 19.Nh3 c4 20.Nc1 h5 21.Nf2 hxg4 22.bxc4 bxc4
23.f4 Nxe4 24.Ne2 Bf5 25.Kc1 Nxf2 26.Bxf2 Bd3 27.Rhe1 Bh6 28.b4 cxb3 29.Kb2 Bxe2
30.Rxd8+ Rxd8 31.Rxe2 Bxf4 32.Kxb3 Bxh2 33.Bh4 Rb8+ 34.Kc4 Bf4 35.Bf6 Rb6
36.Be7 f5 37.Bc5 Re6 38.Kd5 Kf7 39.Rb2 e4 40.Rb7+ Kf6  0-1

[Event "Open"]
[Site "Antakya TUR"]
[Date "2010.07.16"]
[Round "3"]
[White "Isik,E"]
[Black "Gelashvili,T"]
[Result "0-1"]
[WhiteElo "2183"]
[BlackElo "2605"]

1.e4 d6 2.d4 g6 3.Nc3 Bg7 4.Be3 a6 5.f4 Nd7 6.Nf3 b5 7.Bd3 Bb7 8.a4 b4 9.Ne2 Ngf6
10.Ng3 O-O 11.h3 d5 12.e5 Ne4 13.Bxe4 dxe4 14.Ng5 Nb6 15.h4 Qd5 16.h5 h6
17.N5xe4 Nc4 18.Qe2 Nxb2 19.hxg6 fxg6 20.f5 gxf5 21.Bxh6 Qxd4 22.Bxg7 fxe4
23.Bxf8 Nd3+ 24.cxd3 Qxa1+ 25.Kf2 Qd4+ 26.Ke1 Qc3+ 27.Kf2 Rxf8+ 28.Kg1 Qd4+
29.Kh2 exd3 30.Qh5 Rf7 31.Qg6+ Kf8 32.Qh6+ Ke8 33.Qh8+ Rf8 34.Qh5+ Kd8 35.Rf1 Rg8
36.Qh7 Qd5 37.Rf3 Kc8 38.Qxd3 Qxd3 39.Rxd3 c5 40.Rd2 Kc7 41.Nf5 e6 42.Nd6 Bd5
43.Rc2 Kc6 44.Kh3 b3 45.Rb2 c4  0-1